Регионална библиотека "Любен Каравелов" - Русе

Тайният живот на вторите съпруги (Запис номер 107961)

MARC детайли
000 -Лидер
Контролно поле с фиксирана дължина 01217nam a2200325 c 4500
003 - Код на организацията, давaща контролен номер
Контролно поле BLK
005 - Дата и час на последна редакция
Контролно поле 20230513030346.0
008 - Елементи от данни с фиксирана дължина
fixed length control field 180409b bul|||||r ||||||| ||bul||
010 ## - Наследен системен номер
LC control number KNG00113258000
020 ## - Международен стандартен номер на книга ISBN
Международен стандартен номер на книга ISBN 954-585-535-5
-- издат.: Бард
040 ## - Източник на каталожния запис
Идентификатор на билиотеката - собственик на записа BLK
041 ## - Код за език
Код за езика на текст/звукозапис или на отделно заглавие Български
Код за езика КДБФ Български
080 ## - УДК
Текстов определител УДК Американска литература (на САЩ)
УДК код - определител по УДК 821.111(73)
УДК определител -31
УДК - код + определител 821.111(73)-31
100 1# - Редна дума - Автор
Автор Тод, Катрин
Авторска отговорност първи автор
R(LIN) 292585
139 ## - Редно поле
Редна дума Тод, Катрин
Авторски знак Тод - Т 63
245 10 - Сведения за заглавието
Заглавие Тайният живот на вторите съпруги
Подзаглавни данни Роман
Редно поле (дума) Катрин Тод; прев. Елена Чизмарова; прев. Цветана Генчева.
257 ## - Страна на издаване
Страна на създаване/издаване България
260 ## - Област на издателските данни
-- София
Име на издателя, разпространителя и проч. Бард
Година на издаване 2004
300 ## - Физическа характеристика
Страници 254 с.
Размери/Мащаб 20 см
380 ## - Жанр
Жанр Худож. лит.
500 ## - Общи забележки
Забележка Ориг. загл. Secret Lives of Second Wives / Catherine Todd. - Офс. изд.
653 ## - Ключова дума – ненормативна
Ключова дума романи
700 1# - Други автори (авторска отговорност)
Лично име Чизмарова, Елена Николова
Автороска отговорност (Описва отношението между автора и произведението) прев.
9 (RLIN) 141741
700 1# - Други автори (авторска отговорност)
Лично име Генчева, Цветана Тодорова
9 (RLIN) 364265
852 ## - Местоположение
Форматна сигнатура Цб 219681
856 4# - Електронен адрес и достъп
Електронен формат pdf - файл
Път до файла /url/
856 4# - Електронен адрес и достъп
Електронен формат pdf - файл
Път до файла /url/
942 ## - АРТИКУЛИ
Вид на библиотечния материал Книги
Скрит в OPAC Не
Koha issues (borrowed), all copies 8
944 ## - СЪЗДАВАНЕ И РЕДАКЦИЯ на ЗАПИСА
Създаване/Редакция Създаване
Дата на регистрацията/редакция 27.05.2004
Служител, извършил регистрацията/редакцията Людмила_Стоянова
944 ## - СЪЗДАВАНЕ И РЕДАКЦИЯ на ЗАПИСА
Създаване/Редакция Редакция
Дата на регистрацията/редакция 27.05.2004
Служител, извършил регистрацията/редакцията
999 ## - СИСТЕМНИ КОНТРОЛНИ НОМЕРА
Koha biblionumber 107961
Koha biblioitemnumber 107961
Наличности
Код за отписване Код за изгубен артикул Източник на класификационната схема Код за повреда Коз за рестрикции Код за отдаване Артикулен № Име на библиотеката - собственик Име на библиотеката, в която се намира в момента Статус (Текущо местоположение) Дата на вписване в системата Местоположение - отдел Цена в лева Инвентарен номер Систематично азбучна сигнатура Баркод Номер на екземпляра Цена в евро Служебна бележка Служебен тип на артикула
  Не е изгубен Universal Decimal Classification Не е повреден без рестрикции заемане за дома 174062 Регионална библиотека "Любен Каравелов" Русе Регионална библиотека "Любен Каравелов" Русе Заемна - подръчен фонд 2004-05-27 Заемна - подръчен фонд 6.99 120000685692 П 820(73)-31/Т 63 120000685692 1 3.57 Дост: Pk Вид: Ф N: 20 Дата: 26.05.2004 Дата инв: 15.02.2018 Бележки инв: П2018 Книги
Vip Innovations Ltd, Rousse, Bulgaria 2025